| 000 | 00438nam a22000977a 4500 | ||
|---|---|---|---|
| 008 | 110708t xxu||||| |||| 00| 0 eng d | ||
| 010 | _aCDOCF140 | ||
| 245 | _aHigh Court Criminal Revision No............1995 (Arising from Buganda Road Court Criminal Case No U 807/91) Uganda Vs Mohammed Sekimwanyi and 2 others Petition for Revision | ||
| 260 | _c1995 | ||
| 999 |
_c4676 _d4676 |
||